Podział administracyjny Turcji - Statystyki

Ogólne statystyki
  • Ten quiz został rozwiązany 20 razy
  • Średni wynik to 5 z 81
Statystyki odpowiedzi
Odpowiedź Populacja (2000) % Poprawnych
Ankara 4 mln
100%
Stambuł 10 mln
100%
İzmir 3.37 mln
65%
Antalya 1.71 mln
47%
Bursa 2.12 mln
35%
Konya 2.19 mln
24%
Wan 877 tys
24%
Adana 1.84 mln
12%
Erzurum 937 tys
12%
Eskişehir 706 tys
12%
Gaziantep 1.28 mln
12%
Hatay 1.25 mln
12%
Kayseri 1.06 mln
12%
Mersin 1.65 mln
12%
Samsun 1.2 mln
12%
Trabzon 975 tys
12%
Çanakkale 464 tys
6%
Diyarbakır 1.36 mln
6%
Edirne 402 tys
6%
Karaman 243 tys
6%
Kars 325 tys
6%
Malatya 853 tys
6%
Adıyaman 623 tys
0%
Afyonkarahisar 812 tys
0%
Ağrı 528 tys
0%
Aksaray 396 tys
0%
Amasya 365 tys
0%
Ardahan 133 tys
0%
Artvin 191 tys
0%
Aydın 950 tys
0%
Balıkesir 1.07 mln
0%
Bartın 184 tys
0%
Batman 456 tys
0%
Bayburt 97.3 tys
0%
Bilecik 194 tys
0%
Bingöl 253 tys
0%
Bitlis 388 tys
0%
Bolu 270 tys
0%
Burdur 256 tys
0%
Çankırı 270 tys
0%
Çorum 597 tys
0%
Denizli 850 tys
0%
Düzce 314 tys
0%
Elazığ 569 tys
0%
Erzincan 316 tys
0%
Giresun 523 tys
0%
Gümüşhane 186 tys
0%
Hakkari 236 tys
0%
Iğdır 168 tys
0%
Isparta 513 tys
0%
Kahramanmaraş 1 mln
0%
Karabük 225 tys
0%
Kastamonu 375 tys
0%
Kilis 114 tys
0%
Kırıkkale 383 tys
0%
Kırklareli 328 tys
0%
Kırşehir 253 tys
0%
Kocaeli 1.2 mln
0%
Kütahya 656 tys
0%
Manisa 1.26 mln
0%
Mardin 705 tys
0%
Muğla 715 tys
0%
Muş 453 tys
0%
Nevşehir 309 tys
0%
Niğde 348 tys
0%
Ordu 887 tys
0%
Osmaniye 458 tys
0%
Rize 365 tys
0%
Sakarya 756 tys
0%
Şanlıurfa 1.44 mln
0%
Siirt 263 tys
0%
Şırnak 353 tys
0%
Sivas 755 tys
0%
Synopa 225 tys
0%
Tekirdağ 623 tys
0%
Tokat 828 tys
0%
Tunceli 93.5 tys
0%
Uşak 322 tys
0%
Yalova 168 tys
0%
Yozgat 682 tys
0%
Zonguldak 615 tys
0%
Nie znaleziono quizów pasujących do podanych kryteriów
Rozkład punktacji
Procent ludzi z każdym wynikiem
Percentyl według liczby udzielonych odpowiedzi
Twoja historia wyników
Nie rozwiązałeś tego quizu